| 000 | 00000nam 2200000za 4500 |
| 001 | 9.839071 |
| 003 | CaOODSP |
| 005 | 20221107151527 |
| 007 | cr ||||||||||| |
| 008 | 170801s2002 xxc |o f|0| 0 fre d |
| 040 | |aCaOODSP|bfre |
| 043 | |an-cn--- |
| 086 | 1 |aR62-523/2002F-PDF |
| 110 | 1 |aCanada.|bParcs Canada. |bGroupe du rendement, de la vérification et de l'examen. |
| 245 | 10|aProgramme de sécurité publique de Parcs Canada cadre d'évaluation |h[ressource électronique] / |cGroupe de la vérification, de l’examen et du rendement, Agence Parcs Canada. |
| 260 | |a[S.l.] : |bAgence Parcs Canada, |c2002. |
| 300 | |a26 p. |
| 500 | |aTitre de couv. |
| 500 | |a« Septembre 2002 ». |
| 500 | |aPubli. aussi en anglais sous le titre : Parks Canada's Public Safety Program evaluation framework. |
| 504 | |aComprend des références bibliographiques. |
| 520 | |a« Le Programme de sécurité publique s’attache à minimiser le nombre et la gravité des incidents aux aires patrimoniales protégées et pour permettre à Parcs Canada de remplir son rôle d’appui à l’égard du Programme national de recherche et sauvetage. Parcs Canada utilise une approche axée sur le risque en ce qui a trait à l’élaboration de programmes de sécurité publique et à la prestation de services, qui est gérée par les unités de gestion au moyen de plans de sécurité publique »--Résumé, p. 3. |
| 692 | 07|2gccst|aVérification |
| 775 | 08|tParks Canada's Public Safety Program evaluation framework |w(CaOODSP)9.839064 |
| 856 | 40|qPDF|s157 Ko|uhttps://publications.gc.ca/collections/collection_2017/pc/R62-523-2002-fra.pdf |